| 000 | 00404nam a22001697a 4500 | ||
|---|---|---|---|
| 005 | 20160531143130.0 | ||
| 008 | 160531b xxu||||| |||| 00| 0 eng d | ||
| 020 | _a81-7866-531-X | ||
| 041 | _aeng | ||
| 082 | _b6402 | ||
| 100 |
_aRai, Urmila & Rai S.M. _91596 |
||
| 245 | _aBusiness Communication Skills (for enguneers) | ||
| 260 | _bHPH | ||
| 300 | _a198 | ||
| 650 |
_aManagement _9241 |
||
| 942 | _cBK | ||
| 999 |
_c2252 _d2251 |
||